Uchchatar madhyamik buranji (class XII)/ (Record no. 8180)

MARC details
000 -LEADER
fixed length control field 00638cam a2200229ua 4500
005 - DATE AND TIME OF LATEST TRANSACTION
control field 20260515114427.0
008 - FIXED-LENGTH DATA ELEMENTS--GENERAL INFORMATION
fixed length control field 150221n ii |||gr||||Z||||||asm
020 ## - INTERNATIONAL STANDARD BOOK NUMBER
International Standard Book Number 9788192016085
040 ## - CATALOGING SOURCE
Transcribing agency MAIN
Original cataloging agency IN-DiNC
041 ## - LANGUAGE CODE
Language code of sung or spoken text eng
082 ## - DEWEY DECIMAL CLASSIFICATION NUMBER
Classification number 954
Item number DUT
100 ## - MAIN ENTRY--PERSONAL NAME
Personal name Dutta, Ajit. Kumar.,
Relator term author
245 1# - TITLE STATEMENT
Title Uchchatar madhyamik buranji (class XII)/
Statement of responsibility, etc. By Ajit Kumar Dutta
250 ## - EDITION STATEMENT
Edition statement 1st.
260 ## - PUBLICATION, DISTRIBUTION, ETC.
Place of publication, distribution, etc. Guwahati:
Name of publisher, distributor, etc. Assam book depot,
Date of publication, distribution, etc. 2011.
300 ## - PHYSICAL DESCRIPTION
Extent 398p.
650 ## - SUBJECT ADDED ENTRY--TOPICAL TERM
Topical term or geographic name entry element Harappan civilization
650 ## - SUBJECT ADDED ENTRY--TOPICAL TERM
Topical term or geographic name entry element History of medieval India
653 ## - INDEX TERM--UNCONTROLLED
Uncontrolled term History & geography
700 ## - ADDED ENTRY--PERSONAL NAME
Personal name Goswami, Pankaj.,
Relator term author
942 ## - ADDED ENTRY ELEMENTS (KOHA)
Koha item type Books
Source of classification or shelving scheme Dewey Decimal Classification
Holdings
Withdrawn status Lost status Damaged status Not for loan Home library Current library Shelving location Date acquired Total checkouts Full call number Barcode Date last seen Date last checked out Copy number Price effective from Koha item type
        Naharkatiya College Library Naharkatiya College Library General stacks 09/19/2020 29 900 | DUT 20104 05/05/2026 05/05/2026 2 09/19/2020 Books
        Naharkatiya College Library Naharkatiya College Library General stacks 09/19/2020   900 | DUT 20105 09/19/2020   1 09/19/2020 Books
        Naharkatiya College Library Naharkatiya College Library General stacks 09/19/2020   900 | DUT 20106 09/19/2020   3 09/19/2020 Books